|
|
|
|
| LEADER |
00662cam a2200205 7i4500 |
| 001 |
0000028003 |
| 005 |
20120904090000.0 |
| 020 |
|
|
|a 9780743215527
|
| 020 |
|
|
|a 0743215524 (hbk.)
|
| 090 |
0 |
0 |
|a HM141
|b .B33 2008
|
| 100 |
1 |
|
|a Bass, Bernard M
|
| 245 |
0 |
4 |
|a The Bass handbook of leadership :
|b theory, research, and managerial applications
|c Bernard M. Bass, with Ruth Bass.
|
| 250 |
|
|
|a 4th ed.
|
| 260 |
|
|
|a New York:
|b Free Press,
|c 2008.
|
| 300 |
|
|
|a xix, 1516 p.:
|b ill.;
|c 25 cm.
|
| 650 |
0 |
0 |
|a Leadership
|
| 650 |
0 |
0 |
|a Educational leadership
|
| 650 |
0 |
0 |
|a Academic leadership
|
| 700 |
1 |
|
|a Bass, Ruth
|
| 999 |
|
|
|a 0000037193
|b BOK
|c REFERENCE
|e 2nd Floor, Shah Alam
|